• 首页
  • 本馆介绍
  • 公告通知
  • 最新文献
  • 馆藏检索
  • 电子资源
  • 读者导购
  • 参考咨询
  • 我的图书馆
  • 登录
  • 详细信息显示
  • 放入我的书架
  • 预约/预借图书
  • 作者相关作品
  • 分类相关作品
  • 丛书相关作品
  • 出版社相关作品

书目信息

  • 表格格式
  • 工作单格式
  • 卡片格式
题名:
健身美体
    
 
作者: 向小惠 著
分册:  
出版信息: 广州   广州出版社  2004
页数: 127页
开本: 20cm
丛书名: 美丽天天约
单 册:
中图分类: G831.3 , R151.1
科图分类:
主题词: 女性--健身运动--基本知识 , 女性 , 健身运动 , 营养卫生 , 食品卫生 , 饮食卫生 , 食品卫生学
电子资源:
ISBN: 7-80655-710-5
000 01007oam2 2200349 450
001 1534988229
005 20150131094335.06
010    @a7-80655-710-5@dCNY20.00
100    @a20040802d2004 em y0chiy50 ea
101 0  @achi
102    @aCN@b440000
105    @aa z 000yy
200 1  @a健身美体@9jian shen mei ti@e美体曲线细节训练@f向小惠著
210    @a广州@c广州出版社@d2004
215    @a127页@c图@d20cm
225 2  @a美丽天天约
305    @a香港贝尔出版机构授权出版
330    @a本书包括:优美的曲线标准、优美曲线“段段”、遮遮掩掩也可美、保持最重要等4章。
461  0 @12001 @a美丽天天约
517 1  @a美体曲线细节训练@9mei ti qu xian xi jie xun lian
606 0  @a女性@x健身运动@x基本知识
606 0  @a女性
606 0  @a健身运动
606 0  @a营养卫生
606 0  @a食品卫生
606 0  @a饮食卫生
606 0  @a食品卫生学
690    @aG831.3@v5
690    @aR151.1@v4
701  0 @a向小惠@9xiang xiao hui@4著
801  0 @aCN@bTSSF@c20150131
905    @aZUCC@dR151.1@eJY228
    
    健身美体:美体曲线细节训练/向小惠著.-广州:广州出版社,2004
    127页:图;20cm.-(美丽天天约)
    
    
    ISBN 7-80655-710-5:CNY20.00
    本书包括:优美的曲线标准、优美曲线“段段”、遮遮掩掩也可美、保持最重要等4章。
●
相关链接 在E读中查询图书 在五车中查询图书 在当当中查询图书 在豆瓣中查询图书


正题名:健身美体     索取号:R151.1/JY228         预约/预借

序号 登录号 条形码 馆藏地/架位号 状态 备注
1 7862854   278628549   学院路分馆/ [索取号:R151.1/JY228] 在馆    
唐山师范学院图书馆 欢迎您!
大连网信软件有限公司© 版权所有